Statistics for Geographic Groups of 1-10 #1

Click here to take the quiz!

General Stats

  • This quiz has been taken 109 times
  • The average score is 44 of 55

Answer Stats

Answer% Correct
World's largest hot desertSahara
100%
World's tallest mountainsEverest
99%
Planets of the Solar SystemEarth
98%
Planets of the Solar SystemMars
98%
Official languages of BelgiumFrench
97%
Longest rivers by continentAmazon
96%
Planets of the Solar SystemJupiter
96%
Planets of the Solar SystemMercury
96%
Countries Bordering GermanyPoland
96%
Planets of the Solar SystemSaturn
96%
Countries Bordering GermanyBelgium
94%
Official languages of BelgiumGerman
94%
Countries Bordering GermanyLuxembourg
94%
Planets of the Solar SystemVenus
94%
Countries Bordering GermanyAustria
93%
Countries Bordering GermanyFrance
93%
Longest rivers by continentNile
93%
Countries Bordering GermanyCzech Republic
92%
Planets of the Solar SystemNeptune
92%
Countries Bordering GermanySwitzerland
92%
Countries Bordering GermanyDenmark
91%
Planets of the Solar SystemUranus
91%
World's tallest mountainsK2
90%
Countries Bordering GermanyNetherlands
90%
Provinces of CanadaOntario
88%
Great Lakes of North AmericaOntario
88%
Longest rivers by continentMississippi
87%
Great Lakes of North AmericaSuperior
86%
Provinces of CanadaAlberta
84%
Great Lakes of North AmericaErie
84%
Great Lakes of North AmericaMichigan
84%
Official languages of BelgiumDutch
83%
Main islands of JapanHokkaido
83%
Provinces of CanadaQuebec
81%
Main islands of JapanHonshu
80%
Longest rivers by continentYangtze
79%
Provinces of CanadaBritish Columbia
76%
Great Lakes of North AmericaHuron
76%
Longest rivers by continentVolga
74%
Capitals that start with VVatican City
71%
Provinces of CanadaNewfoundland and Labrador
69%
Provinces of CanadaSaskatchewan
68%
Capitals that start with VVienna
66%
Provinces of CanadaPrince Edward Island
64%
Capitals that start with VVilnius
62%
Provinces of CanadaManitoba
60%
Provinces of CanadaNova Scotia
60%
Main islands of JapanKyushu
58%
Capitals that start with VVaduz
57%
Capitals that start with VVientiane
57%
Provinces of CanadaNew Brunswick
54%
Capitals that start with VValletta
52%
Main islands of JapanShikoku
47%
Capitals that start with VVictoria
46%
Longest rivers by continentMurray
44%

Score Distribution

Percentile by Number Answered

Percent of People with Each Score

Your Score History

You have not taken this quiz